LIBRARY ONLINE CATALOGUE

Environmental biotechnology / (Record no. 10112)

MARC details
000 -LEADER
fixed length control field 00574nam a22002052 4500
001 - CONTROL NUMBER
control field 0000023997
005 - DATE AND TIME OF LATEST TRANSACTION
control field 20151217152254.0
008 - FIXED-LENGTH DATA ELEMENTS--GENERAL INFORMATION
fixed length control field 130424s xx 000 0 eng d
020 ## - INTERNATIONAL STANDARD BOOK NUMBER
International Standard Book Number 0199268672 :
040 ## - CATALOGING SOURCE
Original cataloging agency KABU
Transcribing agency KABU
100 1# - MAIN ENTRY--PERSONAL NAME
Personal name Scragg, Alan.
-- 0000169759
245 10 - TITLE STATEMENT
Title Environmental biotechnology /
Statement of responsibility, etc. Alan Scragg.
250 ## - EDITION STATEMENT
Edition statement 2nd ed.
260 ## - PUBLICATION, DISTRIBUTION, ETC. (IMPRINT)
Place of publication, distribution, etc. Oxford :
Name of publisher, distributor, etc. O. U. P.,
Date of publication, distribution, etc. 2005.
300 ## - PHYSICAL DESCRIPTION
Extent viii, 447 p.
650 #0 - SUBJECT ADDED ENTRY--TOPICAL TERM
Topical term or geographic name as entry element Bioremediation.
-- 0000121510
852 1# - LOCATION
-- p4900 KES
908 ## - PUT COMMAND PARAMETER (RLIN)
Put command parameter 130424
950 ## - LOCAL HOLDINGS (RLIN)
-- 1
Holdings
Withdrawn status Lost status Source of classification or shelving scheme Not for loan Home library Current library Date acquired Total Checkouts Full call number Barcode Date last seen Date last checked out Price effective from Koha item type
    Library of Congress Classification   Kabarak, Main Campus Kabarak, Main Campus 17/12/2015 1 TD192.5 .S37 2005 c. 1 015135 26/05/2016 17/05/2016 17/12/2015 General Collection